Культура української мови (Запис № 315548)

МАРК-запис
000 -Лідер
fixed length control field 00666nam a22002417a 4500
001 - Контрольний номер
control field 29167
003 - Ідентифікатор контрольного номера
control field UA-OsUOA
005 - Дата та час останнього входження (трансакції)
control field 20230816102936.0
007 - Фіксоване поле фізичного опису
fixed length control field ta
008 - Елементи даних фіксованої довжини – загальна інформація
fixed length control field 20041001b un ||||| |||| 00| 0 ukr d
040 ## - Джерело каталогізації
Агенція оригінальної каталогізації UA-OsUOA
Мова каталогізації ukr
Агенція, яка здійснювала перезапис UA-OsUOA
Агенція, яка здійснювала модифікацію UA-OsUOA
041 ## - Код мови
Код мови тексту/ звукової доріжки чи окремого заголовка (П) ukr
044 ## - Код країни видавця/ виробника
Код країни видавця/ виробника (П) UA
080 ## - Індекс Універсальної десяткової класифікації
Індекс Універсальної десяткової класифікації (УДК) (НП) 81'271
090 ## - Локальний шифр розміщення
Класифікаційний індекс УДК 81'271
Авторський знак (НП) К56
100 ## - Основне введення – ім’я особи
Ім’я особи (НП) Коваль А. П.
245 ## - Відомості про назву
Назва (НП) Культура української мови
Дані про відповідальність (НП) А. П. Коваль
260 ## - Публікація, розповсюдження і т.п. (Вихідні дані)
Місце публікації, розповсюдження і т.п. (П) Київ
Ім’я/ наймення видавництва, розповсюджувача і т.п. (П) Наукова думка
Дата публікації, розповсюдження і т.п. (П) 1964
300 ## - Фізичний опис
Обсяг 196 с.
650 #7 - Додаткове предметне введення – тематичний термін
Джерело заголовка чи терміна UDC
Тематичний термін чи географічна назва, як елемент введення (НП) 81`27 Соціолінгвістика. Вживання мови
942 ## - Додаткові елементи входу (Коха)
Тип елемента Koha Книги
Source of classification or shelving scheme Universal Decimal Classification
955 ## - Код типу видання за змістом
Код типу видання за змістом (НП) інше
Фонди
Стан вилучень Стан втрат Джерело класифікації або схеми стелажів Стан уражень Не для кредиту Код колекції Постійне місце розташування Поточне розміщення Дата придбання Джерело придбання Вартість, звичайна ціна покупки Інвентарний номер Усього замовленно Повний номер виклику Штрих-код Дата останнього перегляду Ціна ефективна від Тип елемента Koha Дата останньої перевірки
    Universal Decimal Classification       Наукова бібліотека ІДУД Наукова бібліотека ІДУД 01/08/2023 Акт надходжень №1/09.06.2023 (загальний)   2140517   81 К56 2140517 01/08/2023 01/08/2023 Книги  
    Universal Decimal Classification     Колекція Вербича В.О. ЧЗ - Читальна зала ЧЗ - Читальна зала 29/01/2008 11/2008 5.00 110640   81'271 К56 110640 11/02/2022 01/10/2004 Книги  
    Universal Decimal Classification       ЧЗ - Читальна зала ЧЗ - Читальна зала 01/10/2004     73927 1 81'271 К56 73927 17/11/2021 01/10/2004 Книги 25/11/2019